书目信息 |
| 题名: |
税法
|
|
| 作者: | ;本书编委会 编著 | |
| 分册: | ||
| 出版信息: | 北京 清华大学出版社 2009.10 |
|
| 页数: | 420页 | |
| 开本: | 26cm | |
| 丛书名: | 全国注册会计师培训考试一本通 | |
| 单 册: | ||
| 中图分类: | D922.22 | |
| 科图分类: | ||
| 主题词: | 税法--shui fa--中国--会计师--资格考核--自学参考资料 | |
| 电子资源: | ||
| ISBN: | 978-7-302-20680-4 | |
| 000 | 00928nam 2200241 450 | |
| 001 | 01CN04942914@CSLN | |
| 005 | 20101113150216.29 | |
| 010 | @a978-7-302-20680-4@dCNY34.00 | |
| 100 | @a20101129d2009 em y0chiy50 ea | |
| 101 | 0 | @achi |
| 102 | @aCN@b110000 | |
| 105 | @aa z 000yy | |
| 200 | 1 | @a税法@Ashui fa@f本书编委会编著 |
| 210 | @a北京@c清华大学出版社@d2009.10 | |
| 215 | @a420页@c图@d26cm | |
| 225 | 2 | @a全国注册会计师培训考试一本通@Aquan guo zhu ce kuai ji shi pei xun kao shi yi ben tong |
| 330 | @a本书主要内容有:税法概论,增值税法,消费税法,营业税法,城市维护建设税法(含教育费附加),关税法,资源税法,土地增值税法,房产税、城镇土地使用税和耕地占用税法(年新增耕地占用税法)等。 | |
| 410 | 0 | @12001 @a全国注册会计师培训考试一本通 |
| 606 | 0 | @a税法@Ashui fa@y中国@x会计师@x资格考核@x自学参考资料 |
| 690 | @aD922.22@v4 | |
| 711 | 02 | @a本书编委会@4编著 |
| 801 | 0 | @aCN@c20101129 |
| 905 | @dD922.22@eS689-2 | |
| 税法/本书编委会编著.-北京:清华大学出版社,2009.10 |
| 420页:图;26cm.-(全国注册会计师培训考试一本通) |
| ISBN 978-7-302-20680-4:CNY34.00 |
| 本书主要内容有:税法概论,增值税法,消费税法,营业税法,城市维护建设税法(含教育费附加),关税法,资源税法,土地增值税法,房产税、城镇土地使用税和耕地占用税法(年新增耕地占用税法)等。 |
| ● |
| 相关链接 |
|
|
|
正题名:税法
索取号:D922.22/S689-2
 
预约/预借
| 序号 | 登录号 | 条形码 | 馆藏地/架位号 | 状态 | 备注 |
| 1 | 1034031 | 210340317 | 社科库509/422社科库 40排4列1层/ [索取号:D922.22/S689-2] | 在馆 | |
| 2 | 1034032 | 210340326 | 社科库509/509社科库 86排6列6层/ [索取号:D922.22/S689-2] | 在馆 | |
| 3 | 1034033 | 210340335 | 社科库509/509社科库 86排6列6层/ [索取号:D922.22/S689-2] | 在馆 |